[Event "POL-ch U18 Girls"]
[Site "Chotowa"]
[Date "2009.04.01"]
[Round "6"]
[White "Stopyra, Klaudia"]
[Black "Jaworska, Aleksandra"]
[Result "0-1"]
[WhiteElo "1464"]
[BlackElo "1648"]
[PlyCount "60"]
[EventDate "2009.03.28"]
[EventType "swiss"]
[EventRounds "11"]
[EventCountry "POL"]
[SourceTitle "EXT 2011"]
[Source "ChessBase"]
[SourceDate "2010.11.26"]
[SourceVersion "1"]
[SourceVersionDate "2010.11.26"]
[SourceQuality "1"]

1. d4 e6 2. c4 d5 3. e3 Nf6 4. Nf3 b6 5. Nc3 Bb7 6. Be2 Bd6 7. h3 0-0 8. 0-0 Nbd7 9. Bd2 dxc4 10. Bxc4 c5 11. dxc5 Nxc5 12. Nd4 Rc8 13. Be2 Qe7 14. Ncb5 Bb8 15. Bb4 Nd5 16. Qd2 Rfd8 17. Rfc1 Qg5 18. Bf1 Ne4 19. Qe1 Qf6 20. Bc3 Qg5 21. Nf3 Qh5 22. Be2 Ndxc3 23. Nxc3 Nc5 24. Rd1 Qg6 25. Rxd8+ Rxd8 26. Rd1 Rc8 27. Bf1 Bxf3 28. Rd4 Be5 29. Rd2 Bxc3 30. bxc3 Be4 0-1

[Event "POL-ch U18 Girls"]
[Site "Chotowa"]
[Date "2009.03.28"]
[Round "1"]
[White "Jasnikowska, Daria"]
[Black "Stopyra, Klaudia"]
[Result "1-0"]
[WhiteElo "1762"]
[BlackElo "1464"]
[PlyCount "66"]
[EventDate "2009.03.28"]
[EventType "swiss"]
[EventRounds "11"]
[EventCountry "POL"]
[SourceTitle "EXT 2011"]
[Source "ChessBase"]
[SourceDate "2010.11.26"]
[SourceVersion "1"]
[SourceVersionDate "2010.11.26"]
[SourceQuality "1"]

1. e4 e6 2. d4 d5 3. Nd2 c5 4. exd5 Qxd5 5. Ndf3 cxd4 6. Qxd4 Nf6 7. Bc4 Qxd4 8. Nxd4 a6 9. Bg5 Be7 10. Ngf3 b5 11. Bd3 Bb7 12. 0-0 0-0 13. Ne5 Rd8 14. Nb3 Nbd7 15. Nxd7 Rxd7 16. Rad1 Rad8 17. Rd2 h6 18. Bh4 g5 19. Bg3 Nd5 20. Rfd1 Kg7 21. a3 f5 22. Be5+ Bf6 23. Re2 Bxe5 24. Rxe5 Nf4 25. Nc5 Re7 26. Rde1 Nxd3 27. cxd3 Bc8 28. Rxf5 exf5 29. Rxe7+ Kf6 30. Rc7 g4 31. Kf1 Ke5 32. b4 f4 33. Rc6 Rd6 1-0